书目信息 |
| 题名: |
D情报机关
|
|
| 作者: | 西村京太郎 著 ;关燕军 著 | |
| 分册: | ||
| 出版信息: | 北京 北京出版社 1982 |
|
| 页数: | 223页 | |
| 开本: | 19cm | |
| 丛书名: | ||
| 单 册: | ||
| 中图分类: | I313.45 , I313.4 | |
| 科图分类: | ||
| 主题词: | 小说--日本--现代 , 文学 | |
| 电子资源: | ||
| ISBN: | ||
| 000 | 00719nam0 2200265 45 | |
| 001 | 0182002933 | |
| 005 | 20060820165230.34 | |
| 010 | @dCNY0.58 | |
| 091 | @a10071.406 | |
| 100 | @a19950110d1982 em y0chiy0121 ea | |
| 101 | 1 | @achi@cjpn |
| 102 | @aCN@b110000 | |
| 105 | @ay z 000ay | |
| 200 | 10 | @aD情报机关@AD qing bao ji guan@f(日)西村京太郎著@g关燕军译 |
| 210 | @a北京@c北京出版社@d1982 | |
| 215 | @a223页@d19cm | |
| 606 | @a小说@y日本@z现代 | |
| 606 | 0 | @a文学 |
| 690 | @aI313.45@v3 | |
| 690 | @aI313.4 | |
| 701 | 0 | @a西村京太郎@Axi cun jing tai lang@4著 |
| 702 | 0 | @a关燕军@Aguan yan jun@4著 |
| 801 | 0 | @aCN@b上海图书馆@c20060820 |
| 801 | 2 | @aCN@bNLC@c20060811 |
| 905 | @f4@b74564-567@dI313.4@e14 | |
| D情报机关/(日)西村京太郎著/关燕军译.-北京:北京出版社,1982 |
| 223页;19cm |
| ISBN :CNY0.58 |
| ● |
| 相关链接 |
|
|
|
|
正题名:D情报机关
索取号:I313.4/14
 
预约/预借
| 序号 | 登录号 | 条形码 | 馆藏地/架位号 | 状态 | 备注 |
| 1 | 0074564 | 000896800 | 第二借阅区/ [索取号:I313.4/14] | 在馆 | |
| 2 | 0074565 | 000896793 | 第二借阅区/ [索取号:I313.4/14] | 在馆 | |
| 3 | 0074566 | 000896953 | 第二借阅区/ [索取号:I313.4/14] | 在馆 | |
| 4 | 0074567 | 000896846 | 第二借阅区/ [索取号:I313.4/14] | 在馆 | |
| 5 | 0074568 | 000896784 | 第一样本阅览室/ [索取号:I313.4/14] | 在馆 | |
| 6 | 0229239 | 001823343 | 密集书库/ [索取号:I313.4/14] | 在馆 | |
| 7 | 0229240 | 001823307 | 密集书库/ [索取号:I313.4/14] | 在馆 | |
| 8 | 0229241 | 001823405 | 密集书库/ [索取号:I313.4/14] | 在馆 | |
| 9 | 0428414 | 204284149 | 密集书库/ [索取号:I313.4/14] | 在馆 | |
| 10 | 0448612 | 204486127 | 密集书库/ [索取号:I313.4/14] | 在馆 | |
| 11 | 0449687 | 204496875 | 密集书库/ [索取号:I313.4/14] | 在馆 | |
| 12 | 0471606 | 204716067 | 密集书库/ [索取号:I313.4/14] | 在馆 |